000
00316nam a2200169Ia 4500
100
_a
McComb/Gordon
650
_a
robo
942
_c
BK
366
_f
20
654
_a
robot
245
_a
Make :How to make a Robot
260
_b
SPD
_c
2018
082
_b
MCC
300
_a
49
546
_a
ENGLISH
999
_c
34554
_d
34554